| 000 | 01254cam a2200361Ia 4500 | ||
|---|---|---|---|
| 001 | 38559 | ||
| 005 | 20230410103632.0 | ||
| 008 | 940914s1994 dcuabc b 001 0 eng d | ||
| 035 | _a(OCoLC)ocm31113857 | ||
| 040 |
_aBKL _cBKL _dFAU _dOCLCQ _dDRFGD |
||
| 020 |
_a091834607X : _c$19.95 |
||
| 020 | _a9780918346070 | ||
| 035 | _a(OCoLC)31113857 | ||
| 043 |
_acc----- _an-us--- |
||
| 092 |
_a972.9052 _bS |
||
| 050 | 1 | 4 |
_a200 F 2183 _bS957c 1994 |
| 049 | _aGRAL | ||
| 100 | 1 | _aSunshine, Cathy. | |
| 245 | 1 | 4 |
_aThe Caribbean : _bsurvival, struggle and sovereignty / _cby Catherine A. Sunshine. |
| 250 | _a3a ed. | ||
| 260 |
_aWashington, D.C. : _bEcumenical Program on Central America and the Caribbean, _cc1994. |
||
| 300 |
_a255 p. : _bill., maps, ports. ; _c28 cm. |
||
| 500 | _a"An EPICA publication." | ||
| 504 | _aIncludes bibliographical references. | ||
| 651 | 0 |
_aCaribbean Area _xPolitics and government _y1945- |
|
| 651 | 0 |
_aCaribbean Area _xEconomic conditions _y1945- |
|
| 651 | 0 |
_aUnited States _xRelations _zCaribbean Area. |
|
| 651 | 0 |
_aCaribbean Area _xRelations _zUnited States. |
|
| 710 | 2 | _aEcumenical Program on Central America and the Caribbean. | |
| 710 | 2 | _aEPICA (Organization) | |
| 942 |
_2lcc _cbk |
||
| 994 |
_aC0 _bDRFGD |
||
| 999 |
_c22897 _d22897 |
||